书目信息 |
| 题名: |
高校人文社科学术人的著作权惯习研究
|
|
| 作者: | 袁同成 著 | |
| 分册: | ||
| 出版信息: | 合肥 中国科学技术大学出版社 2015 |
|
| 页数: | 154页 | |
| 开本: | 24cm | |
| 丛书名: | 博士论丛 | |
| 单 册: | ||
| 中图分类: | D923.414 | |
| 科图分类: | ||
| 主题词: | 社会科学--著作权--管理--研究--中国 | |
| 电子资源: | ||
| ISBN: | 978-7-312-03493-0 | |
| 000 | 01124oam2 2200265 450 | |
| 001 | 0103510184 | |
| 005 | 20150706134301.0 | |
| 010 | @a978-7-312-03493-0@dCNY32.00 | |
| 100 | @a20150525d2015 em y0chiy0120 ea | |
| 101 | 0 | @achi |
| 102 | @aCN@b340000 | |
| 105 | @ay z 000yy | |
| 106 | @ar | |
| 200 | 1 | @a高校人文社科学术人的著作权惯习研究@9Gao Xiao;Jiao Ren Wen She Ke Xue Shu;Zhu Ren De;Di Zhu;Zhuo Zuo Quan Guan Xi Yan Jiu @f袁同成著@b专著@dResearch on the copyright habitus of academics studying humanities and social sciences in universities@zeng |
| 210 | @a合肥@c中国科学技术大学出版社@d2015 | |
| 215 | @a154页@d24cm | |
| 225 | 2 | @a博士论丛 |
| 330 | @a本书主要通过深度访谈、文献研究和历史比较等研究方法,对高校人文社科学术人著作权惯习的现状与原因进行了考察。 | |
| 461 | 0 | @1001003834230 |
| 510 | 1 | @aResearch on the copyright habitus of academics studying humanities and social sciences in universities@zeng |
| 606 | 0 | @a社会科学@x著作权@x管理@x研究@y中国 |
| 690 | @aD923.414@v5 | |
| 701 | 0 | @a袁同成@f(1972~)@9yuan tong cheng@4著 |
| 801 | 0 | @aCN@bAZmarc@c20230907 |
| 905 | @aBZT@dD923@e29@f5@sD923/29 | |
| 高校人文社科学术人的著作权惯习研究/袁同成著=Research on the copyright habitus of academics studying humanities and social sciences in universities.-合肥:中国科学技术大学出版社,2015 |
| 154页;24cm.-(博士论丛) |
| ISBN 978-7-312-03493-0:CNY32.00 |
| 本书主要通过深度访谈、文献研究和历史比较等研究方法,对高校人文社科学术人著作权惯习的现状与原因进行了考察。 |
| ● |
| 相关链接 |
|
|
|
正题名:高校人文社科学术人的著作权惯习研究
索取号:D923/29
 
预约/预借
| 序号 | 登录号 | 条形码 | 馆藏地/架位号 | 状态 | 备注 |
| 1 | 2000008319 | 2000008319 | 旧书回溯/ [索取号:D923/29] | 在馆 | |
| 2 | 2000008320 | 2000008320 | 旧书回溯/ [索取号:D923/29] | 在馆 | |
| 3 | 2000008321 | 2000008321 | 旧书回溯/ [索取号:D923/29] | 在馆 | |
| 4 | 2000008322 | 2000008322 | 旧书回溯/ [索取号:D923/29] | 在馆 | |
| 5 | 2000008323 | 2000008323 | 旧书回溯/ [索取号:D923/29] | 在馆 |